Responses for show #851 - Monday, April 25, 1988

Contestants

Ed Levin, an architect from Los Angeles, California

Blaze Newman, a teacher from Encinitas, California

Jeff Brown, a physician from Los Gatos, California (whose 1-day cash winnings total $200)

[next game >>]

Jeopardy! Round responses

WORLD GEOGRAPHY
ARTISTS
ALPHABET SOUP
WEIGHTS & MEASURES
COMMERCIAL SLOGANS
THE 1ST TIME SINCE...
    $100 10
Monte Cristo

Blaze
    $100 4
eyes

Ed
    $100 11
A1

Ed
    $100 18
barrel

Blaze
    $100 17
Ford

Blaze
    $200 9
Lappland

Ed
    $200 5
most prolific artist

Jeff
    $200 12
(Blaze: What is the SPCA?)

ASPCA

BlazeEd
    $200 19
(Jeff: What is the same?)

less

JeffBlaze
    $200 16
Chanel No. 5

Ed
    $300 3
the Netherlands

Blaze
    $300 6
bathing

Ed
    $300 22
A-T-T

Ed
    $200 20
(Blaze: What is "5 Miles"?)
[The song was played again leading into the break.]

"26 Miles"

Blaze
    $300 13
(Blaze: What is Alka-Seltzer?)

Club Med

JeffBlaze
    $400 2
Madras

Ed
    $400 7
David

Blaze
    $400 23
U & E

Blaze
    $400 21
12

Triple Stumper
    $400 15
Reebok

Triple Stumper
    $500 1
(Jeff: What is Indonesia?)
(Blaze: What is Malaysia?)
...
(Alex: All right, a bad beginning, but Jeff, you select again. Remember, it's always easier to start at the top and work your way down.)
(Jeff: I understand that. Let's try WORLD GEOGRAPHY for $400.)
(Alex: I thought you might go there.)
[Laughter]

Philippines

JeffBlaze
Triple Stumper
    $500 8
El Greco

Jeff
    $500 14
N-E-S-T-L-E-S

Ed

Scores at the first commercial break (after clue 10):

Jeff Blaze Ed
$200 $300 $1,000

Scores at the end of the Jeopardy! Round:

Jeff Blaze Ed
$300 $400 $2,300

Double Jeopardy! Round responses

AMERICAN HISTORY
WORD ORIGINS
CHARACTERS IN MUSICALS
MICRO-ORGANISMS
AUCTIONS
UNREAL ESTATE
    $200 20
American Revolution

Ed
    $200 16
kilt

Ed
    $200 15
Funny Girl

Blaze
    $200 5
locomotion (movement)

Ed
    $400 19
New York

Ed
    $400 17
porcupine

Ed
    $400 11
(Blaze: Who is Marian the Librarian in um, [*]?)

The Music Man

Blaze
    $400 4
bacteria

Jeff
    $400 21
(Ed: Who is Bing Crosby?)

Frank Sinatra

JeffEd
    $400 23
[Jeff gave his response in an attempt at the stereotypical accent.]

Count Dracula

Jeff
    $600 10
Dollar Diplomacy

Blaze
    $600 25
pornography

Jeff
    $600 12
The Fantasticks

Blaze
    $1,500 3
green

Jeff
    $600 18
add or augment

Blaze
    $600 22
Hadleyburg

Blaze
    $800 9
(Ed: What is uh, New Hampshire?)

Maine

Ed
Triple Stumper
    $1,000 24
[Upon uncovering the Daily Double, Jeff did a double fist pump and then a single fist pump.]
(Jeff: Uh, what is, uh, dots?)

doll

Jeff
    $800 13
South Pacific

Blaze
    $800 2
(Ed: What is mold?)

yeast

JeffEd
    $800 7
Christie's

Jeff
    $800 27
Peter Ustinov

Blaze
    $1000 8
John Calhoun

Jeff
    $1000 26
fairy

Triple Stumper
    $1000 14
The Song of Norway

Triple Stumper
    $1000 1
pseudopod

Jeff
    $1000 6
General Motors

Triple Stumper

Scores at the end of the Double Jeopardy! Round:

Jeff Blaze Ed
$6,200 $5,000 $1,700

[wagering suggestions for these scores]

Final Jeopardy! Round responses

HOLIDAYS
[Ed only had a small mark for his "6" and Alex asked him to clarify his response.]
EdWhat is Nov. 26?
$1,700
BlazeWhat is Nov. 30th?
$1,600
JeffWhat is Nov. 29
$5,000
November 28

Final scores:

Jeff Blaze Ed
$1,200 $3,400 $0
2nd place: 6-piece Broyhill bedroom set & Emerson 20" stereo color television New champion: $3,400 3rd place: In-Sink-Erator dishwasher

Game dynamics:

Coryat scores:

Jeff Blaze Ed
$6,300 $5,200 $1,700
12 R
(including 1 DD),
3 W
(including 1 DD)
15 R,
4 W
(including 1 DD)
14 R,
3 W

Combined Coryat: $13,200

The J! Archive is created by fans, for fans. The Jeopardy! game show and all elements thereof, including but not limited to copyright and trademark thereto, are the property of Jeopardy Productions, Inc. and are protected under law. This website is not affiliated with, sponsored by, or operated by Jeopardy Productions, Inc. Join the discussion at JBoard.tv.